[Event "I Torneo Internazionale A"]
[Site "Bergamo ITA"]
[Date "2009.03.15"]
[Round "5"]
[White "Kalajzic, Ivan"]
[Black "Cabrera Pino, Alexis"]
[Result "0-1"]
[WhiteElo "2224"]
[BlackElo "2507"]
[PlyCount "82"]
[EventDate "2009.03.13"]

1. b3 d5 2. Bb2 Bg4 3. g3 Nf6 4. Bg2 c6 5. Nf3 Nbd7 6. d3 e6 7. Nbd2 Be7 8. O-O
O-O 9. c4 a5 10. a3 Qb6 11. Qc2 Rfe8 12. e4 dxe4 13. dxe4 Bf8 14. h3 Bh5 15. g4
Bg6 16. Nh4 e5 17. Rab1 Rad8 18. Nxg6 hxg6 19. Nf3 Bc5 20. Bc1 Nh7 21. Re1 Nhf8
22. Be3 Bxe3 23. Rxe3 Ne6 24. b4 axb4 25. axb4 Nf4 26. c5 Qc7 27. Nd2 Nf8 28.
Nc4 N8e6 29. Nd6 Rf8 30. Ra1 b6 31. Rea3 bxc5 32. bxc5 Nxc5 33. Nxf7 Qxf7 34.
Qxc5 Ne2+ 35. Kh1 Qxf2 36. Qxe5 Nf4 37. R3a2 Rd2 38. Rxd2 Qxd2 39. Rg1 Ra8 40.
h4 Qf2 41. Qe7 Ra1 0-1

[Event "I Torneo Internazionale A"]
[Site "Bergamo ITA"]
[Date "2009.03.15"]
[Round "5"]
[White "Logar, Metod"]
[Black "Bellavita, Guido"]
[Result "1-0"]
[WhiteElo "2081"]
[BlackElo "2060"]
[PlyCount "153"]
[EventDate "2009.03.13"]

1. e4 c6 2. d4 d5 3. e5 Bf5 4. Nf3 e6 5. Be2 c5 6. c3 Nc6 7. O-O f6 8. exf6
Nxf6 9. Bf4 Bd6 10. Bxd6 Qxd6 11. Nbd2 O-O 12. Re1 b6 13. Bb5 Ne7 14. Ne5 a6
15. Be2 cxd4 16. cxd4 Qb4 17. Nb3 Qd6 18. Rc1 Nd7 19. Nxd7 Qxd7 20. Nd2 Qd6 21.
Nf3 Ng6 22. Qd2 Be4 23. Ng5 Nf4 24. Nxe4 dxe4 25. Bf1 e5 26. g3 exd4 27. Rxe4
Ng6 28. Qxd4 Qxd4 29. Rxd4 Ne5 30. Bg2 Rac8 31. Re1 Nf3+ 32. Bxf3 Rxf3 33. Kg2
Rcf8 34. Re2 h5 35. h4 R8f6 36. Rd5 g6 37. Rd7 Kf8 38. Rb7 R3f5 39. Rc2 Re5 40.
Rc8+ Re8 41. Rxe8+ Kxe8 42. f3 Rc6 43. Kh3 b5 44. Ra7 Rf6 45. f4 Rd6 46. b3 Kf8
47. f5 gxf5 48. Rh7 f4 49. Rxh5 fxg3 50. Rf5+ Kg7 51. Kxg3 Kg6 52. Rc5 Rd3+ 53.
Kf4 Rd4+ 54. Ke5 Rxh4 55. Rc6+ Kf7 56. Rxa6 Rh5+ 57. Kd4 Ke7 58. Rc6 Kd7 59.
Rc5 Rh4+ 60. Kc3 b4+ 61. Kb2 Kd6 62. Rc2 Kd5 63. a3 bxa3+ 64. Kxa3 Rg4 65. b4
Kd6 66. Ka4 Rg8 67. b5 Ra8+ 68. Kb4 Ra1 69. b6 Kd7 70. Kb5 Kd6 71. b7 Rb1+ 72.
Ka6 Ra1+ 73. Kb6 Rb1+ 74. Ka7 Ra1+ 75. Kb8 Rb1 76. Rd2+ Ke7 77. Rd4 1-0

[Event "I Torneo Internazionale A"]
[Site "Bergamo ITA"]
[Date "2009.03.15"]
[Round "5"]
[White "Madiai, Federico"]
[Black "Salmoiraghi, Angelo"]
[Result "1-0"]
[WhiteElo "2091"]
[BlackElo "2133"]
[PlyCount "97"]
[EventDate "2009.03.13"]

1. e4 c5 2. Nf3 Nc6 3. Bb5 e6 4. c3 a6 5. Bxc6 bxc6 6. e5 f6 7. d3 fxe5 8. Nxe5
Nf6 9. f4 Be7 10. O-O O-O 11. Qe2 Qc7 12. c4 d6 13. Nf3 Bd7 14. Nc3 Rae8 15.
Bd2 Bd8 16. Rae1 Ng4 17. Ne5 Nh6 18. Nxd7 Qxd7 19. Ne4 Nf5 20. Bc3 Nd4 21. Qf2
e5 22. Bxd4 cxd4 23. f5 d5 24. cxd5 cxd5 25. Nc5 Qb5 26. Qc2 Bg5 27. Ne6 Be3+
28. Kh1 Rf7 29. a4 Qd7 30. b4 Rc8 31. Qa2 Rc3 32. Rd1 Rf6 33. Nc5 Qf7 34. Ne6
Qd7 35. Nc5 Qd8 36. Nb7 Qd7 37. Nc5 Qc6 38. a5 Rh6 39. Qe2 Qf6 40. Qf3 Qd6 41.
Qg4 e4 42. h3 Rc2 43. dxe4 dxe4 44. Nxe4 Qd5 45. Qf3 Qe5 46. f6 g6 47. f7+ Kf8
48. Nc5 Qe7 49. Qa8+ 1-0

[Event "I Torneo Internazionale A"]
[Site "Bergamo ITA"]
[Date "2009.03.15"]
[Round "5"]
[White "Massironi, Marco"]
[Black "Rombaldoni, Axel"]
[Result "0-1"]
[WhiteElo "2182"]
[BlackElo "2309"]
[PlyCount "82"]
[EventDate "2009.03.13"]

1. e4 c5 2. Nf3 Nc6 3. d4 cxd4 4. Nxd4 Nf6 5. Nc3 d6 6. Bg5 e6 7. Qd2 a6 8.
O-O-O Bd7 9. Kb1 h6 10. Be3 Ng4 11. f4 Nxe3 12. Qxe3 Qb6 13. Nd5 exd5 14. exd5+
Ne7 15. Rd3 Qa7 16. Rc3 Kd8 17. Qe4 g6 18. Re3 Nf5 19. Nxf5 gxf5 20. Qf3 Bg7
21. c3 Bf6 22. Bd3 Kc7 23. Rhe1 Rae8 24. Rxe8 Rxe8 25. Rxe8 Bxe8 26. Bxf5 Qg1+
27. Kc2 Qa1 28. Qe4 Bb5 29. a3 a5 30. Bg4 Qf1 31. a4 Bc4 32. Qf5 Qxg2+ 33. Kb1
Qg1+ 34. Kc2 Qxh2+ 35. Kc1 Qh1+ 36. Kc2 Qg2+ 37. Kc1 Qf1+ 38. Kc2 Qf2+ 39. Kc1
Qe1+ 40. Kc2 Qf2+ 41. Kc1 Bb3 0-1

[Event "I Torneo Internazionale A"]
[Site "Bergamo ITA"]
[Date "2009.03.15"]
[Round "5"]
[White "Matseyko, Katerina"]
[Black "Sgnaolin, Davide"]
[Result "1/2-1/2"]
[WhiteElo "2268"]
[BlackElo "2209"]
[PlyCount "88"]
[EventDate "2009.03.13"]

1. e4 c5 2. Nc3 Nc6 3. g3 g6 4. Bg2 Bg7 5. d3 d6 6. f4 e6 7. Nf3 Nge7 8. O-O
O-O 9. Be3 Nd4 10. Bf2 Nxf3+ 11. Bxf3 Nc6 12. Bg2 b6 13. e5 Bb7 14. exd6 Qxd6
15. Ne4 Qc7 16. Rb1 Rad8 17. Qe1 Nd4 18. c3 Nb5 19. Qe2 Nd6 20. Rfe1 Kh8 21.
Ng5 Bxg2 22. Kxg2 h6 23. Nf3 Qb7 24. Kg1 Qd5 25. a3 Nc8 26. Rbd1 Ne7 27. c4 Qb7
28. d4 cxd4 29. Bxd4 Nf5 30. Be5 Qe7 31. b4 Rxd1 32. Rxd1 Rd8 33. Kf2 Rxd1 34.
Qxd1 f6 35. Bc3 e5 36. fxe5 fxe5 37. Qd5 e4 38. Ne5 e3+ 39. Ke2 Kh7 40. Nc6 Qg5
41. Bxg7 Qg4+ 42. Ke1 Nxg7 43. Ne5 Qf5 44. Nd3 Qh3 1/2-1/2

[Event "I Torneo Internazionale A"]
[Site "Bergamo ITA"]
[Date "2009.03.15"]
[Round "5"]
[White "Molina, Fabrizio"]
[Black "Valsecchi, Alessio"]
[Result "0-1"]
[WhiteElo "2305"]
[BlackElo "2363"]
[PlyCount "110"]
[EventDate "2009.03.13"]

1. Nf3 d5 2. g3 c6 3. Bg2 Nf6 4. c4 dxc4 5. a4 g6 6. O-O Bg7 7. Na3 O-O 8. Nxc4
Be6 9. Qc2 Na6 10. d3 Nb4 11. Qb3 a5 12. Ng5 Bd5 13. e4 Bxc4 14. dxc4 Qd3 15.
Qxd3 Nxd3 16. Nh3 Nxc1 17. Raxc1 Nd7 18. c5 Rfd8 19. Rc2 Nb8 20. Rb1 Rd4 21. b3
Na6 22. f4 Nb4 23. Re2 Nd3 24. Rc2 e5 25. Nf2 Nb4 26. Re2 Rad8 27. f5 Bf8 28.
Rc1 Rd2 29. Kf1 h5 30. fxg6 fxg6 31. Bh3 Na6 32. Be6+ Kg7 33. Bc4 Nxc5 34. Ke1
R2d4 35. Rd1 Rxd1+ 36. Nxd1 Rd4 37. Nc3 Nd7 38. Rc2 Bb4 39. Kf2 Nf6 40. Ne2 Rd1
41. Kf3 Ng4 42. Nc1 Re1 43. Be2 Nxh2+ 44. Kg2 Ng4 45. Kf3 Ba3 46. Nd3 Rb1 47.
Rc3 Bb4 48. Nxb4 axb4 49. Rd3 Nf6 50. Bd1 Kf7 51. Bc2 Rc1 52. Rd2 Ke7 53. Ke2
Nd7 54. Ke3 Nc5 55. Ke2 Ne6 0-1

[Event "I Torneo Internazionale A"]
[Site "Bergamo ITA"]
[Date "2009.03.15"]
[Round "5"]
[White "Napoli, Nicolo'"]
[Black "Palac, Mladen"]
[Result "0-1"]
[WhiteElo "2313"]
[BlackElo "2553"]
[PlyCount "131"]
[EventDate "2009.03.13"]

1. d4 Nf6 2. Nc3 d5 3. Bg5 c6 4. e3 g6 5. Bxf6 exf6 6. h4 Qb6 7. Rb1 h5 8. Bd3
Bd6 9. Nge2 f5 10. g3 Nd7 11. O-O O-O 12. b3 Nf6 13. Na4 Qc7 14. c4 dxc4 15.
bxc4 c5 16. Nac3 Qe7 17. Qc2 b6 18. dxc5 Bxc5 19. Nf4 Bb7 20. Ncd5 Nxd5 21.
Nxd5 Qe5 22. Qb2 Qxb2 23. Rxb2 Rad8 24. e4 fxe4 25. Bxe4 Ba6 26. Rc2 Rc8 27.
Kg2 Rfd8 28. Re1 Kg7 29. Bf3 Bf8 30. Ne3 Rd3 31. Rb1 Bc5 32. Rb3 Rd7 33. Nd5
Bf8 34. Ne3 Rdc7 35. Rd3 b5 36. cxb5 Rxc2 37. Nxc2 Bxb5 38. Rd2 Rc3 39. Nd4 Bc4
40. Be2 Bb4 41. Rb2 Ba3 42. Rd2 Bc1 43. Rd1 Bxa2 44. Nb5 Rc2 45. Bd3 Rc5 46.
Nxa7 Bd5+ 47. Kg1 Bb3 48. Re1 Ba4 49. Bf1 Bb2 50. Rb1 Rc2 51. Nb5 Rd2 52. Re1
Bf6 53. Re4 Bb3 54. Nc7 Bd4 55. Re2 Rd1 56. Nb5 Bb6 57. Re4 Bc2 58. Nc3 Rc1 59.
Re8 Bd3 60. Ne2 Re1 61. Kg2 Bb5 62. Rb8 Bc6+ 63. Kg1 Rb1 64. Rc8 Bd7 65. Rc2
Bf5 66. Rd2 0-1

[Event "I Torneo Internazionale A"]
[Site "Bergamo ITA"]
[Date "2009.03.15"]
[Round "5"]
[White "Pirola, Andrea"]
[Black "Rumiantseva, Maria"]
[Result "0-1"]
[WhiteElo "2140"]
[BlackElo "2034"]
[PlyCount "48"]
[EventDate "2009.03.13"]

1. d4 Nf6 2. Bg5 e6 3. Nf3 d5 4. e3 Be7 5. Nbd2 O-O 6. Bd3 Nbd7 7. c3 c5 8. h4
Qc7 9. Bxf6 Nxf6 10. Ne5 Nd7 11. Ndf3 f6 12. Bxh7+ Kxh7 13. Ng5+ fxg5 14. hxg5+
Kg8 15. g6 Bg5 16. Qg4 Nxe5 17. Qxg5 Rf5 18. Qh4 Nxg6 19. Qh7+ Kf7 20. f4 Bd7
21. Qh2 Rh8 22. Qg1 Rxh1 23. Qxh1 cxd4 24. g4 Rf6 0-1

[Event "I Torneo Internazionale A"]
[Site "Bergamo ITA"]
[Date "2009.03.15"]
[Round "5"]
[White "Pulito, Alberto"]
[Black "Astengo, Marcello"]
[Result "1-0"]
[WhiteElo "2251"]
[BlackElo "2123"]
[PlyCount "41"]
[EventDate "2009.03.13"]

1. e4 e6 2. d4 d5 3. e5 c5 4. c3 Bd7 5. Nf3 Qb6 6. a3 Ne7 7. Be2 Bb5 8. c4 Bxc4
9. Bxc4 dxc4 10. Nc3 cxd4 11. Nxd4 Nbc6 12. Ndb5 Nf5 13. O-O Nxe5 14. Bf4 a6
15. Qa4 O-O-O 16. Bxe5 Bc5 17. Bc7 Qc6 18. Bxd8 Rxd8 19. Kh1 axb5 20. Nxb5 Rd2
21. Rad1 1-0

[Event "I Torneo Internazionale A"]
[Site "Bergamo ITA"]
[Date "2009.03.15"]
[Round "5"]
[White "Ranfagni, Stefano"]
[Black "Panella, Fiammetta"]
[Result "1-0"]
[WhiteElo "2041"]
[BlackElo "2016"]
[PlyCount "65"]
[EventDate "2009.03.13"]

1. e4 c5 2. Nc3 e6 3. g3 Nc6 4. Bg2 g6 5. d3 Bg7 6. Nge2 Nge7 7. O-O O-O 8. Be3
Nd4 9. Qd2 Rb8 10. Nd1 d5 11. f4 Nxe2+ 12. Qxe2 b6 13. e5 d4 14. Bd2 Ba6 15. b3
Qd7 16. Nf2 Nd5 17. Ne4 Rbc8 18. Nd6 Rc7 19. g4 f5 20. gxf5 gxf5 21. Bxd5 exd5
22. Qh5 Qe6 23. Kh1 c4 24. Rf3 cxd3 25. cxd3 Qh6 26. Qxh6 Bxh6 27. Rg1+ Kh8 28.
Rfg3 Bc8 29. R1g2 Be6 30. Nb5 Rcc8 31. Nxd4 Rfe8 32. Rh3 Bg7 33. Rh5 1-0

[Event "I Torneo Internazionale A"]
[Site "Bergamo ITA"]
[Date "2009.03.15"]
[Round "5"]
[White "Reduzzi, Maurizio"]
[Black "Calavalle, Giulio"]
[Result "0-1"]
[WhiteElo "2079"]
[BlackElo "2267"]
[PlyCount "90"]
[EventDate "2009.03.13"]

1. d4 c5 2. d5 f5 3. g3 g6 4. Bg2 Bg7 5. Nh3 Nf6 6. c4 d6 7. Nf4 Na6 8. h4 Bd7
9. Nc3 Qb6 10. Bd2 Nc7 11. Qc2 Qa6 12. Qd3 b5 13. cxb5 Nxb5 14. Ne6 Bxe6 15.
Qxb5+ Qxb5 16. Nxb5 Bf7 17. Nc7+ Kd7 18. Nxa8 Bxd5 19. Bxd5 Nxd5 20. h5 Rxa8
21. hxg6 hxg6 22. Rb1 Rb8 23. O-O Rxb2 24. Rxb2 Bxb2 25. Rb1 Bc3 26. Bxc3 Nxc3
27. Rb2 Kc7 28. Rc2 Ne4 29. Kg2 Kc6 30. f3 Nf6 31. f4 d5 32. Kh3 c4 33. Kh4 Ne4
34. g4 Kc5 35. gxf5 gxf5 36. e3 d4 37. exd4+ Kxd4 38. Kh5 Kd3 39. Rc1 c3 40.
Kg6 Nd6 41. Kg7 Kd2 42. Rh1 c2 43. Kf8 c1=Q 44. Rxc1 Kxc1 45. Kxe7 Nc4 0-1

[Event "I Torneo Internazionale A"]
[Site "Bergamo ITA"]
[Date "2009.03.15"]
[Round "5"]
[White "Sbarra, Marco"]
[Black "Di Pietro, Davide"]
[Result "1-0"]
[WhiteElo "2191"]
[BlackElo "2074"]
[PlyCount "159"]
[EventDate "2009.03.13"]

1. d4 d5 2. c4 e6 3. Nc3 f5 4. e3 c6 5. g4 fxg4 6. Qxg4 Nf6 7. Qg2 Na6 8. Bd2
Bd7 9. Nf3 Qc7 10. Ne5 Rg8 11. cxd5 exd5 12. Nxd7 Qxd7 13. O-O-O Qg4 14. Qxg4
Nxg4 15. Bxa6 bxa6 16. Rdf1 O-O-O 17. f3 Nf6 18. Na4 Re8 19. Kc2 Nd7 20. Kd3
Nb6 21. Nc3 Bb4 22. a3 Be7 23. Rhg1 Nc4 24. Bc1 Kd7 25. e4 Nb6 26. Bg5 Bd6 27.
e5 Bf8 28. f4 g6 29. Bf6 Bh6 30. Nd1 Nc4 31. Kc3 Rgf8 32. Rg3 Nd6 33. Rh3 Nf5
34. Nf2 Rf7 35. Ng4 Bf8 36. Bg5 Be7 37. Bxe7 Rexe7 38. b4 Ke6 39. Nf2 Kd7 40.
Nd3 Kc7 41. Nc5 Kb6 42. Kd3 h5 43. Rg1 Rg7 44. Rf3 Rh7 45. Rf2 Nh4 46. Rg5 Rh8
47. e6 Rhh7 48. Re5 Nf5 49. Rg2 Rhg7 50. Rg1 Nh4 51. Re3 Nf5 52. Re2 Rg8 53.
Rc2 Rh7 54. Nd7+ Kb7 55. Rgc1 Ne7 56. Nc5+ Kb6 57. Nd7+ Kb7 58. Ne5 Rc8 59. Rg1
Nf5 60. Rxg6 Rcc7 61. Rf6 Nd6 62. Nd7 Re7 63. Nc5+ Kb6 64. Rg2 Rc8 65. f5 a5
66. Nd7+ Kb5 67. bxa5 Kxa5 68. Ne5 Ka4 69. Rb2 Kxa3 70. Rb1 a5 71. Ng6 Ree8 72.
e7 Ne4 73. Rf8 Ka2 74. Rb7 c5 75. f6 c4+ 76. Kc2 Nxf6 77. Rxf6 Ka3 78. Rf8 a4
79. Rxe8 Rxe8 80. Rd7 1-0

[Event "I Torneo Internazionale A"]
[Site "Bergamo ITA"]
[Date "2009.03.15"]
[Round "5"]
[White "Seps, Monika"]
[Black "Djuric, Stefan"]
[Result "0-1"]
[WhiteElo "2197"]
[BlackElo "2461"]
[PlyCount "159"]
[EventDate "2009.03.13"]

1. e4 c5 2. Nf3 g6 3. d4 Bg7 4. dxc5 Qa5+ 5. Nc3 Qxc5 6. Bd3 Nc6 7. Nb5 Qb6 8.
Be3 Qd8 9. O-O d6 10. h3 Nf6 11. c4 O-O 12. Qd2 b6 13. Rac1 Bb7 14. Rfe1 Rc8
15. b3 Nd7 16. Bb1 Nc5 17. Nfd4 a6 18. Nc3 Ne5 19. f4 Nc6 20. Nf3 Rb8 21. Nd5
e6 22. Nc3 Qe7 23. Bf2 Ba8 24. Nd1 Rfd8 25. Ne3 b5 26. cxb5 axb5 27. Ng4 h5 28.
Bh4 Qa7 29. Nf2 Rd7 30. Qe3 Nb4 31. Red1 Re8 32. a3 Nc6 33. b4 Na4 34. Qxa7
Rxa7 35. Rxd6 Nc3 36. Bd3 Rxa3 37. Nd1 Na2 38. Rb1 Bf8 39. Rd7 Nb8 40. Rd4 Rxd3
41. Rxd3 Bxe4 42. Nf2 Bxd3 43. Nxd3 Bg7 44. Nfe5 Nc3 45. Ra1 Ne2+ 46. Kf1 Nxf4
47. Ra8 Nxd3 48. Nxd3 f6 49. Bf2 Kf7 50. Bc5 Nc6 51. Ra6 Rc8 52. Rb6 e5 53.
Rxb5 Bh6 54. Rb7+ Ke6 55. b5 e4 56. bxc6 exd3 57. c7 Bf4 58. Rb6+ Kf7 59. Bd4
Be5 60. Bxe5 fxe5 61. Rc6 Ke7 62. Rc3 Ke6 63. Kf2 Kd6 64. Rxd3+ Kxc7 65. Rd5
Rf8+ 66. Ke3 Rf5 67. g4 hxg4 68. hxg4 Rg5 69. Ke4 Rxg4+ 70. Kxe5 Rg5+ 71. Ke6
Rxd5 72. Kxd5 Kd7 73. Ke5 Ke7 74. Kf4 Kf6 75. Kg4 g5 76. Kg3 Kf5 77. Kf3 g4+
78. Kg3 Kg5 79. Kg2 Kf4 80. Kg1 0-1

[Event "I Torneo Internazionale A"]
[Site "Bergamo ITA"]
[Date "2009.03.15"]
[Round "5"]
[White "Simutowe, Amon"]
[Black "Astengo, Corrado"]
[Result "1-0"]
[WhiteElo "2485"]
[BlackElo "2218"]
[PlyCount "71"]
[EventDate "2009.03.13"]

1. e4 e6 2. d4 d5 3. Nc3 Nf6 4. Bg5 Be7 5. e5 Nfd7 6. Bxe7 Qxe7 7. f4 a6 8. Qd2
c5 9. Nf3 Nc6 10. g3 b5 11. Bg2 Bb7 12. O-O O-O 13. Ne2 cxd4 14. Nexd4 Rac8 15.
Nxc6 Bxc6 16. Nd4 Bb7 17. Rae1 f5 18. exf6 Rxf6 19. Bh3 Nc5 20. Re5 Re8 21.
Rfe1 Ne4 22. Qa5 Bc8 23. c3 Qf7 24. Qb6 Qg6 25. Bg2 h5 26. Nf3 Qf7 27. Bh3 Rh6
28. Ng5 Qd7 29. Rd1 Nxg5 30. fxg5 Rg6 31. Qe3 Bb7 32. Rd4 Qc6 33. Bf5 exf5 34.
Rxe8+ Kh7 35. Qe7 b4 36. Qf7 1-0

[Event "I Torneo Internazionale A"]
[Site "Bergamo ITA"]
[Date "2009.03.15"]
[Round "5"]
[White "Solodovnichenko, Yuri"]
[Black "Korneev, Oleg"]
[Result "1-0"]
[WhiteElo "2571"]
[BlackElo "2613"]
[PlyCount "121"]
[EventDate "2009.03.13"]

1. e4 c5 2. Nf3 e6 3. d4 cxd4 4. Nxd4 Nc6 5. Nc3 Qc7 6. Be3 a6 7. Qd2 Nf6 8.
O-O-O Be7 9. f3 h5 10. Qf2 Rb8 11. Qg3 d6 12. Kb1 Ne5 13. f4 Neg4 14. Bc1 b5
15. Bd3 b4 16. Nce2 e5 17. fxe5 h4 18. exd6 Bxd6 19. Qe1 Ne5 20. Nf5 Bxf5 21.
exf5 a5 22. Nd4 Kf8 23. Qe2 Nxd3 24. Qxd3 Bxh2 25. Bg5 Bg3 26. Ne2 Kg8 27. Nxg3
hxg3 28. Rxh8+ Kxh8 29. Bh4 Rc8 30. Bxg3 Qc6 31. Be5 Kg8 32. Bxf6 Qxf6 33. Qd7
Rf8 34. g4 Qh4 35. Qd4 Rc8 36. b3 Qh2 37. Qe4 Qg3 38. Rh1 Rd8 39. Qe7 Rc8 40.
Qe2 Rd8 41. Rf1 Rc8 42. f6 gxf6 43. Rxf6 Kf8 44. Rf1 Re8 45. Qd1 Re6 46. Rg1
Qf4 47. g5 Kg7 48. Rh1 Qf2 49. Rf1 Qg3 50. Qd2 Re5 51. Qd4 Qc3 52. Qf2 Re7 53.
Qf6+ Kf8 54. Qxc3 bxc3 55. g6 Re4 56. a3 f6 57. Rxf6+ Kg7 58. Rf3 Kxg6 59. Rxc3
Kf7 60. Rc5 a4 61. b4 1-0

[Event "I Torneo Internazionale A"]
[Site "Bergamo ITA"]
[Date "2009.03.15"]
[Round "5"]
[White "Sorcinelli, Francesco"]
[Black "Mazi, Leon"]
[Result "0-1"]
[WhiteElo "2116"]
[BlackElo "2377"]
[PlyCount "80"]
[EventDate "2009.03.13"]

1. e4 c5 2. Nf3 d6 3. d4 cxd4 4. Nxd4 Nf6 5. Nc3 a6 6. Be3 e6 7. f3 b5 8. Qd2
Bb7 9. g4 Nfd7 10. O-O-O Nb6 11. Qf2 N8d7 12. Kb1 Rc8 13. Bd3 Rxc3 14. bxc3 Na4
15. Ne2 Qc7 16. h4 d5 17. Kc1 Ba3+ 18. Kd2 dxe4 19. fxe4 O-O 20. Ke1 Nf6 21.
Qf3 Qc6 22. Rf1 Nc5 23. Bxc5 Bxc5 24. g5 Nd7 25. Nd4 Qc7 26. Ke2 Be7 27. Qh3
Ne5 28. Rf2 Qxc3 29. Nf3 Ng6 30. Qg4 e5 31. Kf1 Bc5 32. Rfd2 Bc8 33. Qg3 Nf4
34. Ng1 Bb6 35. Rh2 Be6 36. Ne2 Qc5 37. Nxf4 exf4 38. Qf2 Qc7 39. Qe2 f3 40.
Qd2 Qg3 0-1

[Event "I Torneo Internazionale A"]
[Site "Bergamo ITA"]
[Date "2009.03.15"]
[Round "5"]
[White "Stips, Felix"]
[Black "Petkov, Vladimir"]
[Result "0-1"]
[WhiteElo "2152"]
[BlackElo "2504"]
[PlyCount "98"]
[EventDate "2009.03.13"]

1. Nf3 Nf6 2. c4 e6 3. Nc3 Bb4 4. Qc2 O-O 5. a3 Bxc3 6. Qxc3 b6 7. e3 Bb7 8. b4
d6 9. Bb2 Nbd7 10. Be2 e5 11. d3 c5 12. O-O Re8 13. b5 a6 14. a4 Nf8 15. e4 Bc8
16. Kh1 Ng6 17. Ng1 Rf8 18. g3 Ne8 19. f4 exf4 20. gxf4 axb5 21. axb5 Rxa1 22.
Bxa1 f5 23. Qd2 Bb7 24. Bf3 Nh4 25. Qe3 Qe7 26. e5 Nxf3 27. Nxf3 d5 28. Kg1 Nc7
29. Bb2 Ne6 30. cxd5 Bxd5 31. d4 Qd7 32. dxc5 Qxb5 33. Ba3 bxc5 34. Ng5 Nd4 35.
Rd1 Bb7 36. Bxc5 Qc6 37. Qh3 h6 38. Rxd4 Qxc5 39. Qb3+ Kh8 40. Ne6 Qc6 41. Rd2
Ra8 42. Nd4 Qh1+ 43. Kf2 Qxh2+ 44. Ke3 Qg3+ 45. Ke2 Qg2+ 46. Kd1 Qg1+ 47. Kc2
Rc8+ 48. Qc3 Rxc3+ 49. Kxc3 Qe3+ 0-1

[Event "I Torneo Internazionale A"]
[Site "Bergamo ITA"]
[Date "2009.03.15"]
[Round "5"]
[White "Tratar, Marko"]
[Black "Corvi, Marco"]
[Result "1-0"]
[WhiteElo "2497"]
[BlackElo "2319"]
[PlyCount "95"]
[EventDate "2009.03.13"]

1. Nf3 f5 2. c4 Nf6 3. g3 d6 4. d4 e6 5. Bg2 Be7 6. O-O O-O 7. b4 Qe8 8. Bb2
Qh5 9. Nbd2 Ne4 10. Qc2 Nxd2 11. Nxd2 Nd7 12. f4 Nf6 13. Qd3 d5 14. cxd5 exd5
15. b5 Bd6 16. Nf3 Kh8 17. Ne5 Be6 18. a4 Ng4 19. Nxg4 Qxg4 20. Ba3 Bxa3 21.
Rxa3 Rae8 22. Qc2 Rf7 23. Re3 Rfe7 24. Re5 Bg8 25. Bf3 Qg6 26. Qxf5 Qb6 27. e3
c6 28. Qd3 c5 29. dxc5 Qxc5 30. Qd4 b6 31. Qxc5 bxc5 32. Rxe7 Rxe7 33. Kf2 g6
34. Rd1 Rd7 35. a5 Kg7 36. h4 Kf6 37. b6 axb6 38. axb6 c4 39. e4 Rb7 40. Rb1
Ke7 41. exd5 Kd6 42. Ke3 Kc5 43. d6 Rb8 44. d7 Be6 45. Rd1 Bxd7 46. Rxd7 Rxb6
47. Rc7+ Kd6 48. Rxc4 1-0

[Event "I Torneo Internazionale A"]
[Site "Bergamo ITA"]
[Date "2009.03.15"]
[Round "5"]
[White "Vezzosi, Paolo"]
[Black "Cruz Lledo, Pablo"]
[Result "1-0"]
[WhiteElo "2374"]
[BlackElo "2082"]
[PlyCount "177"]
[EventDate "2009.03.13"]

1. d4 d5 2. Nf3 Nf6 3. c4 c6 4. e3 a6 5. a4 e6 6. Nbd2 a5 7. Bd3 Na6 8. O-O Nb4
9. Bb1 Be7 10. Qe2 b6 11. b3 c5 12. Bb2 Bb7 13. e4 dxe4 14. Nxe4 Nxe4 15. Bxe4
Bxe4 16. Qxe4 Bf6 17. Rad1 Qc8 18. Ba3 O-O 19. Bxb4 cxb4 20. Rd3 Rd8 21. h4 Ra7
22. Rfd1 Rad7 23. g4 g6 24. g5 Bg7 25. h5 Qb7 26. Qxb7 Rxb7 27. h6 Bh8 28. Kf1
Rbd7 29. Ke2 f6 30. Ke3 Kf7 31. d5 exd5 32. Rxd5 Re7+ 33. Kf4 Rde8 34. Rd7 Rxd7
35. Rxd7+ Re7 36. Rd8 Re8 37. Rxe8 Kxe8 38. Ke4 Ke7 39. Kd5 Kd7 40. c5 bxc5 41.
Kxc5 fxg5 42. Nxg5 Bf6 43. Nxh7 Be7+ 44. Kd5 Ke8 45. Ke6 Bh4 46. f3 Bd8 47.
Nf6+ Kf8 48. Ne4 Kg8 49. f4 Bc7 50. Kf6 Kh7 51. Kg5 Bd8+ 52. Kg4 Kxh6 53. Ng5
Be7 54. Ne6 Bf6 55. f5 g5 56. Nc5 Be5 57. Ne4 Bf4 58. Nf6 Bd6 59. Nd5 Be5 60.
Ne3 Bd6 61. Ng2 Bc5 62. Ne1 Be3 63. Nf3 Bf4 64. Nd4 Be5 65. Nc6 Bc7 66. f6 Bb6
67. Kf5 Bc7 68. Ne5 Kh5 69. f7 Bd6 70. Ng6 g4 71. f8=Q Bxf8 72. Nxf8 Kh4 73.
Ng6+ Kh3 74. Nf4+ Kg3 75. Ke4 Kf2 76. Nd3+ Ke2 77. Nxb4 g3 78. Nd3 Kf1 79. Nf4
Kf2 80. Nh3+ Kg2 81. Ng5 Kf2 82. Kd3 g2 83. Nh3+ Kg3 84. Ng1 Kf2 85. Ne2 Kf1
86. Kd2 Kf2 87. Nf4 Kf3 88. Nxg2 Ke4 89. Kc3 1-0

[Event "I Torneo Internazionale A"]
[Site "Bergamo ITA"]
[Date "2009.03.15"]
[Round "5"]
[White "Zelcic, Robert"]
[Black "Rombaldoni, Denis"]
[Result "1-0"]
[WhiteElo "2569"]
[BlackElo "2418"]
[PlyCount "137"]
[EventDate "2009.03.13"]

1. e4 c6 2. d4 d5 3. Nc3 dxe4 4. Nxe4 Bf5 5. Ng3 Bg6 6. h4 h6 7. Nh3 e6 8. Nf4
Bh7 9. Bc4 Nf6 10. Qe2 Bd6 11. c3 O-O 12. Ngh5 Nbd7 13. Nxf6+ Nxf6 14. Bd2 Qc7
15. Nd3 Rae8 16. O-O Ne4 17. Rae1 Bh2+ 18. Kh1 Bg3 19. Be3 Qe7 20. Kg1 Qxh4 21.
fxg3 Nxg3 22. Qd1 Qh1+ 23. Kf2 Ne4+ 24. Ke2 Qxg2+ 25. Rf2 Nxf2 26. Nxf2 Be4 27.
Kd2 Bf3 28. Be2 Bxe2 29. Rxe2 e5 30. Nd3 Qd5 31. Qg1 exd4 32. cxd4 Qxa2 33. Rg2
Kh8 34. Qf2 Qa5+ 35. Kc2 Qa4+ 36. b3 Qa2+ 37. Nb2 Re6 38. Bd2 Qa6 39. Nd3 Qa2+
40. Nb2 Qa6 41. Qg1 Rg8 42. Rf2 Rg6 43. Qh2 Rd8 44. Qh4 Qb6 45. Bc3 f6 46. Qe4
Rg3 47. Nd3 Qa6 48. Bb2 Qb5 49. Bc3 Qd5 50. Qe2 Qg5 51. Nf4 Qg4 52. Qe7 Rg8 53.
Qe4 Rg1 54. Kb2 f5 55. Qe5 Qg3 56. Re2 Rf1 57. Bd2 Qg4 58. Ka3 a5 59. Rg2 Qd1
60. Ng6+ Kh7 61. Nf8+ Kh8 62. Bxh6 Qa1+ 63. Ra2 Qc3 64. Ng6+ Kh7 65. Nf8+ Kh8
66. Bxg7+ Rxg7 67. Ng6+ Kh7 68. Rh2+ Kxg6 69. Rg2+ 1-0

[Event "XII Weekend Primavera"]
[Site "Genova ITA"]
[Date "2009.03.28"]
[Round "3"]
[White "Carosso, Andrea"]
[Black "Brun, Dario"]
[Result "1/2-1/2"]
[WhiteElo "2042"]
[BlackElo "2281"]
[PlyCount "67"]
[EventDate "2009.03.27"]

1. d4 d5 2. Bg5 h6 3. Bh4 c6 4. e3 Qb6 5. b3 Bf5 6. Bd3 Bxd3 7. Qxd3 Nd7 8. Ne2
e6 9. O-O Ne7 10. c4 Nf5 11. Bg3 Nxg3 12. hxg3 Be7 13. Nbc3 O-O 14. c5 Qc7 15.
f4 f5 16. b4 a6 17. a4 Nf6 18. b5 Ng4 19. Rab1 axb5 20. axb5 b6 21. cxb6 Qxb6
22. bxc6 Qxc6 23. Rfc1 Qe8 24. Nd1 Qh5 25. Nf2 Ra3 26. Rc3 Rfa8 27. Nxg4 Qxg4
28. Kf2 Kh7 29. Rb7 Rxc3 30. Qxc3 Bf6 31. Rb6 Ra2 32. Rb2 Ra1 33. Qc8 h5 34.
Rb8 1/2-1/2

[Event "XVIII Weekend A"]
[Site "Ceriano Laghetto ITA"]
[Date "2009.03.27"]
[Round "1"]
[White "Aglietti, Graziano"]
[Black "De Filomeno, Simone"]
[Result "0-1"]
[WhiteElo "2019"]
[BlackElo "2195"]
[PlyCount "90"]
[EventDate "2009.03.27"]

1. e3 g6 2. c4 Bg7 3. Nc3 f5 4. Nf3 Nf6 5. d3 O-O 6. Qb3 d6 7. c5+ e6 8. cxd6
cxd6 9. e4 Kh8 10. Be2 Nc6 11. O-O Qe7 12. Bg5 h6 13. Bd2 e5 14. Nd5 Nxd5 15.
exd5 Nd8 16. Rac1 g5 17. Bc3 b6 18. a4 Nb7 19. Qa3 Bd7 20. b4 Rfc8 21. Ba1 Be8
22. Rc4 Qd7 23. a5 bxa5 24. bxa5 Bf7 25. Rfc1 Bxd5 26. Rxc8+ Rxc8 27. Rxc8+
Qxc8 28. a6 Nc5 29. d4 Bxf3 30. gxf3 exd4 31. Kg2 Ne6 32. Bf1 Qc5 33. Qa4 Nf4+
34. Kg1 Qc1 35. h3 Nxh3+ 36. Kg2 Nf4+ 37. Kg1 Kh7 38. Qa5 Qc5 39. Qa2 Kg6 40.
Qg8 Qc1 41. Qe8+ Kh7 42. Qa4 Qe1 43. Bb2 Nh3+ 44. Kh2 Qxf2+ 45. Kxh3 Qxf1+ 0-1

[Event "XVIII Weekend A"]
[Site "Ceriano Laghetto ITA"]
[Date "2009.03.27"]
[Round "1"]
[White "Aranovitch, Emiliano"]
[Black "Bozzali, Ermanno"]
[Result "1-0"]
[WhiteElo "2375"]
[BlackElo "2140"]
[PlyCount "63"]
[EventDate "2009.03.27"]

1. e4 c5 2. Nf3 d6 3. Bb5+ Bd7 4. Bxd7+ Qxd7 5. O-O Nc6 6. c3 Nf6 7. d4 cxd4 8.
cxd4 d5 9. e5 Ng8 10. a3 e6 11. b4 Nge7 12. Nbd2 Nc8 13. Nb3 Nb6 14. b5 Nd8 15.
a4 Nc4 16. Nbd2 Rc8 17. Nxc4 dxc4 18. Ng5 Qd5 19. Qg4 h5 20. Qf4 a6 21. bxa6
bxa6 22. Ba3 h4 23. Rfc1 c3 24. h3 Rc4 25. Bxf8 Kxf8 26. Nf3 Kg8 27. Rab1 Rh5
28. Rb8 Kh7 29. Ng5+ Kg6 30. Rxd8 Qxd8 31. Qxf7+ Kxg5 32. Qxg7+ 1-0